Meterology events Quiz Stats

 Plays Quiz not verified by Sporcle

Also try: 'S' Bones
Challenge
Share
Tweet
Embed
Score 0/10 Timer 10:00
0 Plays Today
Question Answer Wrong Answers
Huricane Katrina 2005
71.4%
1992
0%
2007
19%
1997
0%
Where did Hurricane Katrina hit hardest Louisiana
71.4%
Texas
0%
Florida
14.3%
Mississippi
4.8%
Where did Hurricane Andrew hit the hardest? Florida
66.7%
Alabama
4.8%
Louisiana
4.8%
Hawaii
9.5%
Hurricane Andrew 1992
61.9%
1990
14.3%
1985
9.5%
2004
4.8%
where did the May 3rd tornado (F5 with fastest speed ever recorded) Oklahoma
52.4%
Texas
19%
Nebraska
23.8%
Ohio
4.8%
tri state tornado 1925
42.9%
1915
4.8%
2015
23.8%
1949
19%
where did Hurricane Issac hit the hardest? Louisiana
38.1%
Arkansas
0%
Mississippi
28.6%
Florida
28.6%
May 3rd tornado (F5 with fastest speed ever recorded) 1999
38.1%
2001
19%
1995
19%
2003
14.3%
What Three States Were Hit By The Tristate Tornado Illinois, Indiana and Missouri.
33.3%
Ohio,Indiana, Illinois
4.8%
texas, Oklahoma, Arkansas
38.1%
Kentucky, Tennessee, Missouri
14.3%
Hurricane Issac 2012
28.6%
1978
14.3%
1995
28.6%
2008
19%

You're not logged in!

Compare scores with friends on all Sporcle quizzes.
Join for Free
OR
Log In

You Might Also Like...

Show Comments

Extras

Top Quizzes Today


Score Distribution

Your Account Isn't Verified!

In order to create a playlist on Sporcle, you need to verify the email address you used during registration. Go to your Sporcle Settings to finish the process.

Report this User

Report this user for behavior that violates our Community Guidelines.

Details: